000 00202 a2200097 4500
001 7793
100 _aDaley, J U
245 _aPrinciples of electronics
260 _a
_bU S N I
_c
090 _c6243
_d6243
942 _aNUST-CAE
_cM
_c32760
999 _c242866
_d242866